[Event "Wuerttemberg-ch KT"]
[Site "Lauffen am Neckar"]
[Date "2011.09.04"]
[Round "9"]
[White "Froehling, Herbert"]
[Black "Buschle, Lukas"]
[Result "0-1"]
[WhiteElo "1946"]
[BlackElo "1748"]
[PlyCount "86"]
[EventDate "2011.08.26"]
[EventType "swiss"]
[EventRounds "9"]
[EventCountry "GER"]
[SourceTitle "EXT 2017"]
[Source "ChessBase"]
[SourceDate "2016.10.25"]
[SourceVersion "1"]
[SourceVersionDate "2016.10.25"]
[SourceQuality "1"]

1. Nf3 c5 2. c4 Nc6 3. g3 g6 4. Bg2 Bg7 5. 0-0 d6 6. Nc3 e6 7. Rb1 Nge7 8. d3 0-0 9. Bg5 a6 10. Qc1 Qc7 11. Ne1 Rb8 12. h4 b5 13. cxb5 axb5 14. h5 d5 15. Nc2 Qb6 16. Bh6 Ra8 17. Bxg7 Kxg7 18. b3 Ba6 19. Bf3 Rac8 20. Kg2 f6 21. Ne3 d4 22. Ng4 dxc3 23. Qh6+ Kg8 24. hxg6 Nxg6 25. Rh1 Rc7 26. Rh5 Nd4 27. Rbh1 Rg7 28. Qc1 Qc7 29. Qxc3 e5 30. Bd5+ Kh8 31. e4 Nf4+ 32. gxf4 Rxg4+ 33. Kf1 Rg7 34. f5 Bb7 35. Bxb7 Qxb7 36. f4 Qc7 37. b4 c4 38. a4 Rc8 39. fxe5 Qxe5 40. axb5 Qf4+ 41. Ke1 Qe3+ 42. Kd1 Qe2+ 43. Kc1 Qxh5 0-1

[Event "Wuerttemberg-ch KT"]
[Site "Lauffen am Neckar"]
[Date "2011.09.01"]
[Round "6"]
[White "Maier, Armin"]
[Black "Froehling, Herbert"]
[Result "0-1"]
[WhiteElo "2066"]
[BlackElo "1946"]
[PlyCount "42"]
[EventDate "2011.08.26"]
[EventType "swiss"]
[EventRounds "9"]
[EventCountry "GER"]
[SourceTitle "EXT 2017"]
[Source "ChessBase"]
[SourceDate "2016.10.25"]
[SourceVersion "1"]
[SourceVersionDate "2016.10.25"]
[SourceQuality "1"]

1. e4 e6 2. d4 d5 3. Nc3 Nf6 4. Bg5 Be7 5. e5 Nfd7 6. Bxe7 Qxe7 7. f4 Nc6 8. Nf3 Nb6 9. Qd2 Bd7 10. Nd1 0-0-0 11. c3 h6 12. Bd3 f6 13. Ne3 Kb8 14. b4 a5 15. 0-0 axb4 16. Rfd1 g5 17. fxg5 fxe5 18. dxe5 bxc3 19. Qxc3 d4 20. Nxd4 Nxd4 21. Qxd4 Bb5 0-1

[Event "Wuerttemberg-ch KT"]
[Site "Lauffen am Neckar"]
[Date "2011.08.29"]
[Round "3"]
[White "Froehling, Herbert"]
[Black "Toelg, Wolfgang"]
[Result "1-0"]
[WhiteElo "1946"]
[BlackElo "1772"]
[PlyCount "105"]
[EventDate "2011.08.26"]
[EventType "swiss"]
[EventRounds "9"]
[EventCountry "GER"]
[SourceTitle "EXT 2017"]
[Source "ChessBase"]
[SourceDate "2016.10.25"]
[SourceVersion "1"]
[SourceVersionDate "2016.10.25"]
[SourceQuality "1"]

1. Nf3 d5 2. d4 e6 3. c4 c5 4. cxd5 exd5 5. g3 Nc6 6. Bg2 Nf6 7. 0-0 Bg4 8. Nbd2 Be7 9. a3 Ne4 10. dxc5 Bxc5 11. b4 Bb6 12. Qc2 Nxd2 13. Qxd2 0-0 14. Bb2 f6 15. Rad1 Ne7 16. h3 Be6 17. g4 h6 18. Ne1 Qd7 19. Nd3 Rad8 20. Nf4 g5 21. Nh5 Ng6 22. Nxf6+ Rxf6 23. Bxf6 Rf8 24. Bxg5 hxg5 25. Qxg5 Kh7 26. Be4 Qf7 27. Bxd5 Bxd5 28. Rxd5 Bxf2+ 29. Kh1 b6 30. h4 Nxh4 31. Qh5+ Qxh5 32. Rxh5+ Kg7 33. Kh2 Ng6 34. Rd1 Be3 35. Rd7+ Rf7 36. Rxf7+ Kxf7 37. Rh7+ Kf6 38. Rxa7 Kg5 39. Kg3 Ne5 40. a4 Nc6 41. Rh7 Nxb4 42. Kf3 Bc5 43. a5 Kg6 44. Rc7 Kg5 45. axb6 Bxb6 46. Rb7 Nd5 47. e4 Nf6 48. Rxb6 Nxg4 49. Rb5+ Kh4 50. Kf4 Nf2 51. Rb3 Kh5 52. Rg3 Kh4 53. e5 1-0

[Event "Wuerttemberg-ch KT"]
[Site "Lauffen am Neckar"]
[Date "2011.08.28"]
[Round "2"]
[White "Bauer, Dieter"]
[Black "Froehling, Herbert"]
[Result "0-1"]
[WhiteElo "1789"]
[BlackElo "1946"]
[PlyCount "120"]
[EventDate "2011.08.26"]
[EventType "swiss"]
[EventRounds "9"]
[EventCountry "GER"]
[SourceTitle "EXT 2017"]
[Source "ChessBase"]
[SourceDate "2016.10.25"]
[SourceVersion "1"]
[SourceVersionDate "2016.10.25"]
[SourceQuality "1"]

1. c4 Nf6 2. g3 e6 3. b3 d5 4. e3 c5 5. Bg2 Nc6 6. Ne2 a6 7. 0-0 Bd7 8. f4 Qc7 9. Bb2 dxc4 10. bxc4 0-0-0 11. d3 h5 12. Nbc3 Ng4 13. Qd2 Na5 14. h3 Nh6 15. Ne4 Bc6 16. Rfc1 b6 17. Rab1 Qb7 18. N2c3 Be7 19. Qe2 f5 20. Ng5 Bxg2 21. Qxg2 Qxg2+ 22. Kxg2 Rxd3 23. Na4 Bxg5 24. fxg5 Nf7 25. Nxb6+ Kc7 26. g6 Nd6 27. Na4 Nab7 28. Bxg7 Rg8 29. Be5 Rxg6 30. Rd1 Rxd1 31. Rxd1 Kc6 32. Nb2 h4 33. Kh2 Nf7 34. Nd3 hxg3+ 35. Bxg3 Rg8 36. Rb1 Rd8 37. Nf4 Rd2+ 38. Kh1 Ng5 39. h4 Ne4 40. Bh2 Nf2+ 41. Kg1 Ng4 42. Bg3 Nxe3 43. Re1 Nxc4 44. Rxe6+ Ncd6 45. h5 Nd8 46. Re2 Rxe2 47. Nxe2 N6f7 48. Bf4 Ne6 49. Be3 Kd5 50. Nc3+ Ke5 51. Kf2 c4 52. Kf3 f4 53. Bf2 Nh6 54. Ne4 Nf5 55. Nc3 Ng5+ 56. Kg4 Ne4 57. Be1 Nxc3 58. Bxc3+ Ke4 59. Bg7 f3 60. h6 f2 0-1

[Event "Stuttgart-chA int"]
[Site "Gerlingen"]
[Date "2007.05.17"]
[Round "1"]
[White "Schulte, Torsten"]
[Black "Froehling, Herbert"]
[Result "1-0"]
[WhiteElo "2170"]
[BlackElo "1967"]
[PlyCount "47"]
[EventDate "2007.05.17"]
[EventType "swiss"]
[EventRounds "7"]
[EventCountry "GER"]
[SourceTitle "EXT 2018"]
[Source "ChessBase"]
[SourceDate "2017.10.13"]
[SourceVersion "1"]
[SourceVersionDate "2017.10.13"]
[SourceQuality "1"]

1. d4 Nf6 2. c4 g6 3. Nc3 Bg7 4. e4 d6 5. f4 0-0 6. Nf3 c5 7. dxc5 Qa5 8. Bd3 Qxc5 9. Qe2 Nc6 10. Be3 Qh5 11. h3 e5 12. 0-0-0 exf4 13. Bxf4 Qa5 14. Bxd6 Re8 15. Kb1 a6 16. Qf2 b5 17. Qc5 Be6 18. Qxc6 Rac8 19. Qb7 Nd7 20. Nd5 Rb8 21. Bxb8 Rxb8 22. Qc7 Qxc7 23. Nxc7 bxc4 24. Nxe6 1-0